AS Roma or Lazio Roma players (2000-) - Statistics

General Stats
  • This quiz has been taken 7 times
  • The average score is 146 of 544
Answer Stats
Ranking Player Positions Nationality Matches Goals (assists) Periods Clubs % Correct
21 Edin Džeko ST 250 117 (53) 2015-2021
100%
2 Francesco Totti CF 519 229 (130) 2000-2017
100%
6 Ciro Immobile ST 314 195 (50) 2016-2024
86%
39 Mirko Vucinić ST 180 56 (26) 2006-2011
86%
26 Aleksandar Kolarov LB 215 24 (29) 2007-2009, 2017-2020
71%
17 Alessandro Florenzi RB 267 27 (31) 2010-2011, 2012-2020
71%
387 André Anderson AM 10 0 (0) 2019-2020, 2021-2022
71%
56 Antonio Cassano CF 145 49 (24) 2001-2006
71%
219 Boulaye Dia ST 47 12 (3) 2024-2025
71%
8 Bryan Cristante DM 305 18 (21) 2018-2025
71%
102 Cafu RB 113 3 (17) 2000-2003
71%
52 Chris Smalling CB 151 10 (4) 2019-2024
71%
72 Claudio López ST 129 37 (29) 2000-2004
71%
110 Cristian Chivu CB 103 6 (3) 2003-2007
71%
1 Daniele De Rossi DM 551 54 (55) 2001-2019
71%
38 David Pizarro CM 182 12 (41) 2006-2012
71%
394 Djavan Anderson RM 9 0 (0) 2019-2021
71%
88 Elseid Hysaj RB 118 2 (4) 2021-2025
71%
35 Federico Marchetti GK 185 0 (1) 2011-2017
71%
11 Felipe Anderson RW 296 54 (58) 2013-2017, 2021-2024
71%
18 Gianluca Mancini CB 265 18 (10) 2019-2025
71%
45 Goran Pandev CF 168 53 (21) 2004-2009
71%
175 Hernán Crespo ST 65 41 (7) 2000-2002
71%
57 Hernanes AM 143 34 (23) 2010-2014
71%
152 Jordan Lukaku LB 75 1 (5) 2016-2020
71%
274 Juan Sebastián Verón CM 29 4 (9) 2000-2001
71%
83 Kevin Strootman CM 121 12 (17) 2013-2019
71%
9 Lorenzo Pellegrini AM 301 51 (58) 2014-2015, 2017-2025
71%
170 Luca Pellegrini LB 66 1 (7) 2018-2019, 2022-2025
71%
36 Lucas Leiva DM 184 4 (9) 2017-2022
71%
12 Luis Alberto AM 289 50 (77) 2016-2024
71%
34 Mancini LW 190 47 (34) 2003-2008
71%
41 Miralem Pjanić CM 176 29 (42) 2011-2016
71%
49 Miroslav Klose ST 155 58 (30) 2011-2016
71%
148 Mohamed Salah RW 78 32 (21) 2015-2017
71%
422 Nicolás López ST 6 1 (0) 2012-2013
71%
92 Nicola Zalewski LM 117 2 (9) 2020-2025
71%
338 Óscar López RB 18 0 (0) 2004-2005
71%
27 Patric CB 211 5 (5) 2015-2025
71%
106 Paulo Dybala CF 108 40 (22) 2022-2025
71%
156 Pau López GK 73 0 (0) 2019-2021
71%
232 Pavel Nedved LM 41 12 (9) 2000-2001
71%
29 Pedro RW 206 40 (22) 2020-2025
71%
224 Romelu Lukaku ST 45 20 (4) 2023-2024
71%
80 Rui Patrício GK 122 0 (0) 2021-2024
71%
7 Stephan El Shaarawy LW 307 61 (42) 2015-2018, 2020-2025
71%
95 Tammy Abraham ST 115 36 (11) 2021-2025
71%
30 Vincenzo Montella ST 200 71 (24) 2000-2006, 2008-2009
71%
48 Walter Samuel CB 160 12 (2) 2000-2004
71%
10 Adam Marusic RB 298 15 (16) 2017-2025
57%
185 Alisson GK 59 0 (1) 2016-2018
57%
85 André Dias CB 120 5 (1) 2009-2014
57%
164 Angeliño LB 69 4 (6) 2023-2025
57%
25 Angelo Peruzzi GK 217 0 (2) 2000-2007
57%
40 Antonio Candreva AM, RW 176 44 (37) 2011-2016
57%
169 Antonio Rüdiger CB 67 2 (3) 2015-2017
57%
77 Bruno Peres RB 123 6 (12) 2016-2017, 2019-2021
57%
132 Cengiz Ünder RW 84 17 (11) 2017-2020
57%
15 Christian Panucci RB 279 27 (18) 2001-2009
57%
14 Cristian Ledesma DM 285 12 (41) 2006-2015
57%
44 Damiano Tommasi CM 169 11 (10) 2000-2003, 2005-2006
57%
23 Danilo Cataldi DM 229 8 (12) 2014-2016, 2018-2024
57%
283 Davide Astori CB 28 1 (0) 2014-2015
57%
275 Demetrio Albertini DM 29 2 (0) 2003-2004
57%
71 Diego Perotti LW 130 31 (26) 2015-2020
57%
145 Diego Simeone CM 80 11 (7) 2000-2003
57%
37 Doni GK 183 0 (0) 2005-2011
57%
238 Federico Balzaretti LB 39 1 (3) 2012-2015
57%
46 Federico Fazio CB 164 14 (4) 2016-2021
57%
70 Felipe Caicedo ST 130 33 (13) 2017-2021
57%
47 Francesco Acerbi CB 163 9 (6) 2018-2022
57%
135 Gabriel Batistuta ST 84 32 (7) 2000-2003
57%
267 Gabriel Heinze CB 30 0 (0) 2011-2012
57%
131 Gervinho LW 84 23 (17) 2013-2016
57%
462 Guillermo Burdisso CB 3 0 (0) 2010-2011
57%
103 Henrikh Mkhitaryan CM 112 28 (26) 2019-2022
57%
133 Jaap Stam CB 84 4 (1) 2001-2004
57%
115 Jérémy Ménez ST 100 9 (14) 2008-2011
57%
84 John Arne Riise LB 120 9 (13) 2008-2011
57%
76 Jordan Veretout CM 124 22 (15) 2019-2022
57%
63 Juan CB 137 11 (4) 2007-2012
57%
176 Juan Iturbe RW 65 4 (4) 2014-2017
57%
122 Juan Jesus CB 95 1 (1) 2016-2021
57%
79 Keita Baldé LW 123 27 (17) 2013-2017
57%
31 Konstantinos Manolas CB 199 8 (6) 2014-2019
57%
127 Leandro Cufré LB 89 2 (2) 2002-2003, 2004-2006
57%
55 Leonardo Spinazzola LB 147 7 (20) 2019-2024
57%
354 Luca Toni ST 15 5 (1) 2009-2010
57%
233 Ludovic Giuly RW 41 7 (2) 2007-2008
57%
474 Mahamadou Baldé ST 2 0 (0) 2024-2025
57%
28 Manuel Lazzari RM 210 6 (18) 2019-2025
57%
43 Marco Cassetti RB 169 5 (11) 2006-2012
57%
86 Marco Delvecchio ST 120 20 (8) 2000-2005
57%
250 Marco Motta RB 35 0 (5) 2008-2010
57%
22 Marco Parolo CM 240 36 (15) 2014-2021
57%
324 Marcos Antônio CM 20 1 (1) 2022-2023
57%
147 Mario Gila CB 79 2 (0) 2022-2025
57%
53 Massimo Oddo RB 151 17 (29) 2002-2007
57%
128 Mattéo Guendouzi CM 87 3 (9) 2023-2025
57%
50 Mattia Zaccagni LW 155 31 (27) 2021-2025
57%
101 Mauro Zárate ST 113 28 (20) 2008-2010, 2012-2013
57%
216 Nemanja Matic DM 48 2 (3) 2022-2023
57%
96 Nicolás Burdisso CB 115 6 (0) 2009-2014
57%
107 Olivier Dacourt DM 107 2 (2) 2002-2006
57%
24 Philippe Mexès CB 228 12 (7) 2004-2011
57%
32 Radja Nainggolan CM 192 31 (27) 2013-2018
57%
54 Rick Karsdorp RB 149 1 (15) 2017-2018, 2020-2024
57%
19 Rodrigo Taddei RW 264 29 (36) 2005-2014
57%
4 Senad Lulic LM 334 30 (48) 2011-2021
57%
5 Sergej Milinković-Savić CM 315 64 (54) 2015-2023
57%
362 Seydou Doumbia ST 14 2 (0) 2014-2015
57%
60 Simone Inzaghi ST 142 32 (13) 2000-2006, 2008-2010
57%
13 Simone Perrotta AM 288 41 (21) 2004-2013
57%
16 Stefano Mauri AM 273 42 (37) 2005-2016
57%
3 Ștefan Radu LB 395 6 (21) 2007-2023
57%
108 Stephan Lichtsteiner RB 105 3 (6) 2008-2011
57%
33 Thomas Strakosha GK 191 0 (0) 2016-2022
57%
157 Vasilios Torosidis RB 72 5 (5) 2012-2016
57%
62 Vincent Candela LB 139 6 (18) 2000-2005
57%
143 Wojciech Szczesny GK 80 0 (0) 2015-2017
57%
114 Zeki Çelik RB 101 1 (6) 2022-2025
57%
166 Adem Ljajic AM 68 15 (8) 2013-2016
43%
431 Adriano ST 6 0 (0) 2010-2011
43%
439 Ahmed Barusso DM 5 0 (0) 2007-2008
43%
137 Aleandro Rosi RB 83 3 (5) 2004-2006, 2010-2012
43%
69 Alessio Romagnoli CB 130 8 (2) 2012-2013, 2022-2025
43%
178 Amadou Diawara DM 63 2 (2) 2019-2022
43%
173 Andrea Belotti ST 65 9 (4) 2022-2024
43%
249 Antonio Mirante GK 35 0 (0) 2018-2021
43%
130 Bastos CB 84 8 (0) 2016-2021
43%
158 Carles Pérez RW 72 8 (7) 2019-2022
43%
149 Cicinho RB 78 3 (6) 2007-2012
43%
433 Clément Grenier CM 6 0 (1) 2016-2017
43%
97 Cristian Brocchi CM 115 3 (8) 2008-2013
43%
268 Cristiano Zanetti DM 30 0 (1) 2000-2001
43%
196 Daniel Osvaldo ST 55 27 (7) 2011-2013
43%
87 Dejan Stanković CM 119 16 (12) 2000-2004
43%
300 Djibril Cissé ST 24 2 (8) 2011-2012
43%
142 Eldor Shomurodov ST 80 10 (11) 2021-2022, 2024-2025
43%
65 Emerson DM 136 18 (10) 2000-2004
43%
237 Emerson LB 39 2 (1) 2015-2018
43%
179 Erik Lamela RW 62 19 (13) 2011-2013
43%
138 Evan Ndicka CB 83 1 (5) 2023-2025
43%
61 Fernando Couto CB 139 9 (0) 2000-2005
43%
118 Fernando Muslera GK 98 0 (0) 2007-2011
43%
230 Gianluca Curci GK 41 0 (0) 2004-2007, 2011-2012
43%
75 Giuseppe Favalli LB 125 2 (5) 2000-2004
43%
320 Grégoire Defrel ST 20 1 (0) 2017-2018
43%
144 Gustav Isaksen RW 80 9 (10) 2023-2025
43%
134 Ivan Pelizzoli GK 84 0 (0) 2001-2005
43%
251 Javier Pastore AM 35 3 (3) 2018-2021
43%
104 Joaquín Correa CF 109 28 (18) 2018-2021
43%
93 Jonathan Zebina CB 117 1 (0) 2000-2004
43%
160 Júlio Baptista AM 71 14 (6) 2008-2011
43%
191 Júlio Sérgio GK 56 0 (0) 2009-2011
43%
174 Justin Kluivert AM 65 9 (8) 2018-2021
43%
516 Lorenzo Di Livio AM 1 0 (0) 2015-2016
43%
89 Lucas Biglia DM 118 14 (14) 2013-2017
43%
229 Lucas Digne LB 41 3 (4) 2015-2016
43%
225 Manu Koné CM 44 2 (3) 2024-2025
43%
246 Mapou Yanga-Mbiwa CB 37 1 (1) 2014-2015
43%
183 Marco Borriello ST 60 16 (8) 2010-2011, 2013-2014
43%
416 Mário Rui LB 7 0 (0) 2016-2017
43%
206 Marquinho AM 52 7 (2) 2011-2014
43%
241 Matías Soulé RW 38 5 (5) 2024-2025
43%
105 Matías Vecino CM 108 13 (7) 2022-2025
43%
74 Matteo Brighi CM 126 12 (6) 2007-2011
43%
123 Matteo Ferrari CB 93 2 (2) 2004-2005, 2006-2008
43%
188 Mattia Destro ST 59 24 (4) 2012-2015
43%
309 Maxime Gonalons DM 22 0 (2) 2017-2018
43%
109 Max Tonetto LB 104 1 (12) 2006-2010
43%
255 Medhi Benatia CB 33 5 (0) 2013-2014
43%
231 Michael Bradley CM 41 2 (2) 2012-2014
43%
172 Michaël Ciani CB 65 1 (1) 2012-2015
43%
345 Michel Bastos LM 16 1 (0) 2013-2014
43%
136 Mile Svilar GK 83 0 (0) 2022-2025
43%
165 Nicolò Rovella DM 68 0 (6) 2023-2025
43%
82 Nicolò Zaniolo AM 121 23 (17) 2018-2019, 2021-2023
43%
120 Paolo Negro RB 97 3 (1) 2000-2005
43%
194 Patrik Schick ST 55 5 (2) 2017-2019
43%
336 Riccardo Calafiori LB 18 1 (3) 2019-2022
43%
258 Robin Olsen GK 33 0 (0) 2018-2019
43%
58 Roger Ibañez CB 142 9 (2) 2019-2023
43%
117 Sergio Floccari ST 98 29 (8) 2009-2010, 2012-2014
43%
318 Sérgio Oliveira CM 20 3 (1) 2021-2022
43%
189 Seydou Keita CM 58 4 (1) 2014-2016
43%
242 Steven Nzonzi DM 38 1 (2) 2018-2019
43%
139 Taty Castellanos ST 82 18 (12) 2023-2025
43%
168 Toma Bašić CM 67 2 (2) 2021-2023
43%
20 Tommaso Rocchi ST 263 88 (32) 2004-2013
43%
163 Valon Behrami CM 69 4 (2) 2005-2008
43%
376 Víctor Ibarbo CF 12 0 (1) 2014-2016
43%
141 Wesley Hoedt CB 80 3 (1) 2015-2016, 2020-2021
43%
100 Abdoulay Konko RB 113 1 (6) 2011-2016
29%
401 Abel Balbo ST 8 0 (0) 2000-2002
29%
381 Ainsley Maitland-Niles RB 11 0 (0) 2021-2022
29%
73 Alberto Aquilani CM 129 10 (7) 2002-2003, 2004-2009
29%
182 Aldair CB 62 1 (2) 2000-2003
29%
171 Alessandro Nesta CB 66 0 (0) 2000-2002
29%
438 Alessandro Rossi ST 5 0 (0) 2016-2017, 2018-2019
29%
67 Álvaro González CM 134 5 (8) 2010-2015
29%
472 Ante Coric AM 3 0 (0) 2018-2019
29%
236 Antonio Filippini RM 40 2 (6) 2004-2005
29%
227 Artem Dovbyk ST 43 14 (4) 2024-2025
29%
359 Ashley Cole LB 14 0 (0) 2014-2015
29%
292 Bogdan Lobonț GK 26 0 (0) 2009-2013
29%
254 Bojan Krkic CF 33 7 (1) 2011-2012
29%
199 Borja Mayoral ST 54 18 (7) 2020-2022
29%
313 Carlo Zotti GK 21 0 (0) 2002-2005
29%
286 Christos Mandas GK 27 0 (0) 2023-2025
29%
91 Cribari CB 118 1 (0) 2005-2010
29%
207 Davide Santon LB 52 0 (3) 2018-2021
29%
344 Devyne Rensch RB 17 0 (1) 2024-2025
29%
204 Diego Llorente CB 53 1 (2) 2022-2024
29%
200 Dino Baggio DM 54 1 (2) 2000-2003
29%
126 Edoardo Bove CM 89 4 (2) 2020-2024
29%
485 Elio Capradossi CB 2 0 (0) 2017-2018
29%
269 Emanuele Filippini CM 30 0 (4) 2004-2005
29%
385 Ervin Zukanovic CB 10 0 (1) 2015-2016
29%
471 Esteban González DM 3 0 (0) 2004-2005
29%
220 Etrit Berisha GK 47 0 (0) 2013-2016
29%
426 Eusebio Di Francesco CM 6 0 (0) 2000-2001
29%
301 Fabio Borini LW 24 9 (0) 2011-2012
29%
221 Fábio Simplício CM 46 8 (3) 2010-2012
29%
265 Fernando Gago DM 30 1 (3) 2011-2012
29%
161 Filip Djordjevic ST 71 14 (6) 2014-2017
29%
121 Francesco Antonioli GK 97 0 (0) 2000-2003
29%
90 Francisco Lima CM 118 0 (6) 2001-2004
29%
125 Giuseppe Pancaro RB 90 1 (7) 2000-2003
29%
181 Gonzalo Villar CM 62 0 (1) 2019-2022
29%
295 Houssem Aouar AM 25 4 (0) 2023-2024
29%
287 Iago Falque RW 27 3 (2) 2015-2016
29%
193 Igli Tare ST 55 4 (4) 2005-2008
29%
94 Ivan Provedel GK 115 1 (0) 2022-2025
29%
203 Jean-Daniel Akpa Akpro CM 53 1 (1) 2020-2022
29%
291 John Carew ST 26 7 (3) 2003-2004
29%
480 Jonathan Silva LB 2 0 (0) 2017-2018
29%
253 Jose Cholevas LB 33 1 (1) 2014-2015
29%
288 Julio Cruz ST 27 4 (3) 2009-2010
29%
211 Karel Poborský RW 48 5 (7) 2000-2002
29%
159 Leandro Castán CB 72 1 (1) 2012-2016
29%
78 Leandro Paredes DM 123 13 (9) 2014-2015, 2016-2017, 2023-2025
29%
208 Lorenzo De Silvestri RB 51 0 (2) 2006-2009
29%
112 Lorik Cana DM 102 4 (2) 2011-2015
29%
51 Luciano Zauri RB 153 5 (8) 2003-2007, 2011-2012
29%
68 Luiz Felipe CB 133 2 (5) 2017-2022
29%
212 Maarten Stekelenburg GK 48 0 (0) 2011-2013
29%
316 Mady Camara CM 21 0 (1) 2022-2023
29%
177 Maicon RB 63 5 (5) 2013-2016
29%
180 Marash Kumbulla CB 62 3 (0) 2020-2023
29%
264 Marcelo Salas ST 30 7 (4) 2000-2001
29%
290 Marquinhos CB 26 0 (0) 2012-2013
29%
235 Matías Viña LB 40 0 (2) 2021-2023
29%
333 Mats Hummels CB 19 1 (0) 2024-2025
29%
266 Matteo Cancellieri RW 30 0 (0) 2022-2023
29%
140 Matuzalém DM 82 3 (3) 2008-2012
29%
146 Morgan De Sanctis GK 80 0 (1) 2013-2016
29%
228 Niccolò Pisilli CM 42 4 (1) 2022-2025
29%
423 Norbert Gyömbér CB 6 0 (0) 2015-2016
29%
351 Ola Solbakken RW 15 1 (2) 2022-2024
29%
496 Oliver Provstgaard CB 2 0 (0) 2024-2025
29%
436 Reda Belahyane DM 6 0 (0) 2024-2025
29%
369 Renato Sanches CM 12 1 (0) 2023-2024
29%
390 Salih Uçan CM 9 0 (1) 2014-2016
29%
315 Samuel Gigot CB 21 2 (0) 2024-2025
29%
284 Sardar Azmoun ST 27 3 (3) 2023-2024
29%
374 Sérgio Conceição RW 12 0 (0) 2003-2004
29%
307 Simon Kjaer CB 22 0 (0) 2011-2012
29%
111 Stefan de Vrij CB 102 9 (3) 2014-2018
29%
98 Stefano Fiore AM 115 21 (17) 2001-2004
29%
223 Stefano Okaka ST 45 4 (4) 2005-2006, 2008-2011
29%
427 Umar Sadiq ST 6 2 (0) 2015-2016
29%
319 Valon Berisha LM 20 0 (1) 2018-2020
29%
222 Vedat Muriqi ST 46 1 (1) 2020-2022
29%
479 Adewale Dauda Wahab CM 2 0 (0) 2003-2004
14%
481 Adrian Piț LM 2 0 (1) 2009-2010
14%
278 Alessandro Matri ST 29 6 (3) 2015-2016
14%
341 Alessio Cerci RW 17 2 (2) 2003-2005, 2009-2010
14%
277 Alexis Saelemaekers RW 29 7 (6) 2024-2025
14%
259 Andreas Pereira AM 31 1 (3) 2020-2021
14%
215 Antônio Carlos Zago CB 48 0 (2) 2000-2002
14%
484 Antonio Sanabria ST 2 0 (0) 2014-2015
14%
430 Antunes LB 6 0 (0) 2007-2008
14%
535 Arijon Ibrahimovic AM 1 0 (0) 2024-2025
14%
366 Artur Moraes GK 12 0 (0) 2008-2010
14%
162 Bernardo Corradi ST 70 20 (7) 2002-2004
14%
261 Brayan Perea ST 30 3 (4) 2013-2015
14%
412 Bryan Reynolds RB 7 0 (0) 2020-2022
14%
113 César LM 102 15 (15) 2001-2006
14%
280 Cesare Bovo CB 29 1 (5) 2005-2006
14%
99 Christian Manfredini LW 115 7 (1) 2002-2003, 2004-2009
14%
311 Christian Wilhelmsson RW 22 1 (2) 2006-2007
14%
289 Cote LB 27 0 (1) 2011-2012
14%
386 Cristiano Lupatelli GK 10 0 (0) 2000-2001
14%
247 Daichi Kamada AM 36 2 (2) 2023-2024
14%
321 Daniele Corvia ST 20 0 (1) 2003-2005
14%
396 Daniele Verde RW 9 0 (2) 2014-2015
14%
411 Daniel Fuzato GK 7 0 (0) 2019-2022
14%
365 Dean Huijsen CB 13 2 (1) 2023-2024
14%
332 Denis Vavro CB 19 0 (0) 2019-2022
14%
328 Diego Fuser RM 20 2 (1) 2001-2003
14%
260 Dodô LB 30 0 (1) 2012-2014
14%
116 Dusan Basta RB 100 1 (7) 2014-2019
14%
263 Édgar Álvarez RM 30 0 (2) 2005-2006, 2007-2008
14%
405 Eliseu LB 7 0 (0) 2009-2010
14%
404 Emiliano Alfaro ST 8 0 (0) 2011-2012
14%
305 Enrico Chiesa ST 23 6 (5) 2002-2003
14%
400 Enzo Le Fée CM 9 0 (0) 2024-2025
14%
59 Fabio Liverani DM 142 8 (14) 2001-2006
14%
329 Felix Afena-Gyan ST 20 2 (0) 2021-2022
14%
361 Francesco Tavano ST 14 2 (1) 2006-2007
14%
302 Georginio Wijnaldum CM 23 2 (1) 2022-2023
14%
234 Gerson CM 40 2 (1) 2016-2018
14%
437 Gianluca Caprari CF 5 0 (0) 2010-2011, 2013-2014
14%
201 Gianni Guigou DM 54 3 (11) 2000-2003
14%
81 Giuliano Giannichedda DM 122 1 (2) 2001-2005
14%
64 Giuseppe Biava CB 136 6 (1) 2009-2014
14%
270 Giuseppe Sculli LW 30 7 (3) 2010-2012
14%
380 Giuseppe Scurto CB 11 0 (0) 2004-2005
14%
124 Guglielmo Stendardo CB 90 6 (1) 2005-2007, 2009-2011
14%
441 Héctor Moreno CB 5 0 (0) 2017-2018
14%
308 Hidetoshi Nakata AM 22 3 (2) 2000-2001
14%
322 Houssine Kharja CM 20 1 (1) 2005-2006
14%
447 João Costa RW 5 0 (0) 2023-2024
14%
456 Jovane Cabral LW 4 1 (0) 2021-2022
14%
294 Juan Pablo Carrizo GK 25 0 (0) 2008-2009, 2011-2012
14%
240 Leandro Greco CM 38 1 (3) 2004-2005, 2010-2012
14%
155 Libor Kozák ST 74 19 (3) 2008-2009, 2010-2013
14%
184 Lionel Scaloni RB 60 1 (3) 2007-2008, 2009-2013
14%
505 Luca Mazzitelli CM 1 0 (0) 2013-2014
14%
432 Lucas Gourna-Douath DM 6 0 (0) 2024-2025
14%
334 Luka Romero RW 19 1 (0) 2021-2023
14%
375 Lukasz Skorupski GK 12 0 (0) 2013-2014, 2017-2018
14%
371 Marco Andreolli CB 12 1 (1) 2009-2010
14%
202 Marco Ballotta GK 54 0 (0) 2005-2008
14%
217 Marcos Assunção CM 48 8 (7) 2000-2002
14%
327 Mark Bresciano CM 20 0 (0) 2010-2011
14%
349 Martín Cáceres CB 16 1 (1) 2017-2019
14%
357 Mauro Esposito RW 14 0 (1) 2007-2008
14%
355 Mauro Goicoechea GK 15 0 (0) 2012-2013
14%
428 Mert Çetin CB 6 0 (0) 2019-2020
14%
372 Mido ST 12 0 (3) 2004-2005
14%
296 Milan Badelj DM 25 1 (0) 2018-2019
14%
358 Milan Bisevac CB 14 1 (0) 2015-2016
14%
150 Modibo Diakité CB 78 2 (3) 2006-2012
14%
524 Nicolás Spolli CB 1 0 (0) 2014-2015
14%
187 Nicolò Casale CB 59 1 (1) 2022-2025
14%
342 Nikola Kalinić ST 17 5 (1) 2019-2020
14%
279 Nuno Tavares LB 29 0 (9) 2024-2025
14%
119 Ogenyi Onazi DM 97 7 (7) 2011-2016
14%
66 Ousmane Dabo DM 135 4 (3) 2003-2005, 2007-2010
14%
317 Panagiotis Tachtsidis DM 21 1 (2) 2012-2013
14%
195 Paolo Di Canio ST 55 12 (6) 2004-2006
14%
154 Pasquale Foggia AM 74 6 (10) 2006-2007, 2008-2011
14%
209 Pepe Reina GK 51 0 (1) 2020-2022
14%
445 Pep Guardiola DM 5 0 (0) 2002-2003
14%
276 Rasmus Kristensen RB 29 1 (2) 2023-2024
14%
337 Raúl Moro LW 18 0 (1) 2019-2022
14%
306 Ricardo Faty DM 22 0 (3) 2006-2007, 2009-2010
14%
339 Riza Durmisi LB 17 0 (1) 2018-2019
14%
350 Rolando Bianchi ST 15 4 (0) 2007-2008
14%
377 Rômulo CM 11 0 (1) 2018-2019
14%
492 Samuel Dahl LB 2 0 (0) 2024-2025
14%
281 Samuel Kuffour CB 28 1 (1) 2005-2006
14%
42 Sebastiano Siviglia CB 170 10 (1) 2001-2002, 2004-2010
14%
541 Sergey Gurenko RB 1 0 (0) 2000-2001
14%
323 Shabani Nonda ST 20 6 (1) 2005-2006
14%
340 Simone Loria CB 17 3 (0) 2008-2009, 2010-2011
14%
435 Souleymane Diamoutene CB 6 0 (0) 2008-2009
14%
398 Stefano Guberti LW 9 0 (0) 2009-2010
14%
378 Thomas Vermaelen CB 11 0 (0) 2016-2017
14%
245 Tijjani Noslin RW 37 3 (3) 2024-2025
14%
483 Tin Jedvaj CB 2 0 (0) 2013-2014
14%
190 Tommaso Baldanzi AM 58 1 (2) 2023-2025
14%
470 Tommaso Milanese CM 3 1 (1) 2020-2021
14%
192 Traianos Dellas CB 56 3 (3) 2002-2005
14%
482 Urby Emanuelson CM 2 0 (0) 2014-2015
14%
186 Wallace CB 59 2 (1) 2016-2019
14%
325 William Vainqueur DM 20 0 (2) 2015-2016
14%
466 Abel Xavier RB 3 0 (0) 2004-2005
0%
543 Adrian Stoian LW 1 0 (0) 2008-2009
0%
310 Albano Bizzarri GK 22 0 (0) 2009-2010, 2011-2013
0%
521 Alberto Quadri DM 1 0 (1) 2006-2007
0%
542 Alessandro Crescenzi LB 1 0 (0) 2008-2009
0%
226 Alessandro Murgia CM 43 3 (1) 2016-2019
0%
363 Alessandro Rinaldi RB 13 0 (1) 2000-2001
0%
534 Alessandro Tuia CB 1 0 (0) 2008-2009
0%
497 Alessio Luciani RB 2 0 (0) 2009-2010
0%
489 Alessio Miceli CM 2 0 (0) 2017-2018
0%
347 Amedeo Mangone CB 16 0 (0) 2000-2001
0%
469 Anass Salah-Eddine LB 3 0 (1) 2024-2025
0%
512 Andrea Briotti LB 1 0 (0) 2004-2005
0%
424 Andrea Giallombardo LB 6 0 (0) 2005-2006
0%
476 Andrea Luciani MF 2 0 (0) 2000-2001
0%
304 Anthony Seric LB 23 0 (2) 2004-2005
0%
420 Antonio Rozzi ST 6 0 (0) 2011-2013
0%
346 Attilio Lombardo RW 16 0 (0) 2000-2001
0%
384 Benjamin Tahirović CM 11 0 (0) 2022-2023
0%
360 Bobby Adekanye RW 14 1 (1) 2019-2020
0%
468 Bruno Jordão DM 3 0 (0) 2018-2019
0%
509 Chris Ikonomidis RW 1 0 (0) 2015-2016
0%
408 Christian Keller DM 7 0 (1) 2005-2006
0%
451 Claudio De Sousa ST 4 1 (0) 2004-2005
0%
335 Cristiano Lombardi RW 18 1 (0) 2016-2017
0%
364 Cristian Volpato AM 13 2 (1) 2021-2023
0%
528 Damiano Ferronetti CB 1 0 (0) 2002-2003
0%
477 Daniele Ruggiu FW 2 0 (0) 2000-2001
0%
388 Darko Kovacevic ST 10 0 (0) 2001-2002
0%
382 Davide Bombardini LM 11 0 (0) 2002-2003
0%
443 Davide Di Gennaro AM 5 0 (0) 2017-2018
0%
393 Davide Zappacosta RM 9 0 (1) 2019-2020
0%
243 David Rozehnal CB 38 0 (0) 2007-2009
0%
330 Diego Novaretti CB 20 0 (1) 2013-2015
0%
523 Dimitrije Kamenovic LB 1 0 (0) 2021-2022
0%
539 Dimitrios Keramitsis CB 1 0 (0) 2021-2022
0%
383 Ebrima Darboe DM 11 0 (1) 2020-2022
0%
218 Ederson AM 47 5 (4) 2012-2015
0%
517 Edoardo Soleri ST 1 0 (0) 2015-2016
0%
312 Edson Braafheid LB 21 0 (1) 2014-2016
0%
493 Emanuele Berrettoni CF 2 0 (0) 2000-2002
0%
458 Emanuele Concetti GK 4 0 (0) 2002-2003
0%
444 Emanuele Pesaresi LB 5 0 (0) 2000-2001
0%
448 Enrico Zampa DM 4 0 (0) 2011-2012
0%
461 Ettore Mendicino ST 4 0 (0) 2008-2009
0%
356 Fabio Bazzani ST 15 3 (2) 2004-2005
0%
244 Fabio Firmani CM 37 3 (0) 2005-2007, 2009-2010
0%
391 Fabio Vignaroli ST 9 0 (1) 2007-2008
0%
449 Fabrizio Casazza GK 4 0 (0) 2004-2005
0%
506 Fabrizio Melara RM 1 0 (0) 2004-2005
0%
343 Fabrizio Ravanelli ST 17 4 (2) 2000-2001
0%
450 Federico Ricci RW 4 0 (0) 2013-2014
0%
544 Federico Sevieri CM 1 0 (0) 2009-2010
0%
421 Federico Viviani DM 6 0 (0) 2011-2012
0%
491 Felice Evacuo ST 2 0 (0) 2001-2002
0%
487 Felice Piccolo CB 2 0 (0) 2005-2006
0%
452 Filipe DM 4 0 (0) 2008-2009
0%
460 Filippo Missori RB 4 0 (0) 2021-2023
0%
500 Filippo Scardina ST 1 1 (0) 2009-2010
0%
495 Filippo Tripi DM 2 0 (0) 2020-2021
0%
282 Fisayo Dele-Bashiru AM 28 5 (3) 2024-2025
0%
326 Francesco Colonnese CB 20 0 (0) 2000-2003
0%
533 Francesco D'Alessio CM 1 0 (0) 2023-2024
0%
507 Franjo Prce CB 1 0 (0) 2016-2017
0%
151 Gaby Mudingayi DM 75 1 (7) 2005-2008
0%
498 Gaël Kakuta AM 2 0 (0) 2013-2014
0%
397 Gaetano Castrovilli CM 9 0 (0) 2024-2025
0%
257 Gaetano D'Agostino CM 33 1 (7) 2000-2001, 2003-2005
0%
293 Gaizka Mendieta RM 26 0 (1) 2001-2002
0%
530 Giacomo Faticanti DM 1 0 (0) 2022-2023
0%
478 Giammario Piscitella LW 2 0 (1) 2011-2012
0%
519 Gianluca Galasso RB 1 0 (0) 2003-2004
0%
520 Giorgio Spizzichino RB 1 0 (0) 2016-2017
0%
272 Gonzalo Escalante CM 29 0 (1) 2020-2022
0%
352 Guerino Gottardi RM 15 1 (0) 2000-2004
0%
511 Guido Guerrieri GK 1 0 (0) 2018-2019
0%
442 Hélder Postiga ST 5 0 (0) 2013-2014
0%
503 Ivan Artipoli CB 1 0 (0) 2007-2008
0%
537 Iván de la Peña AM 1 0 (0) 2001-2002
0%
373 Iván Marcano CB 12 0 (0) 2018-2019
0%
271 Iván Piris RB 29 0 (3) 2012-2013
0%
414 Ivan Tomic DM 7 0 (0) 2001-2003
0%
467 Ivan Vargic GK 3 0 (0) 2016-2018
0%
314 Javier Garrido LB 21 0 (1) 2010-2012
0%
262 Jony LW 30 0 (2) 2019-2020
0%
538 Jordan Majchrzak ST 1 0 (0) 2022-2023
0%
465 Joseph Minala DM 3 0 (0) 2013-2014
0%
389 Juan Pablo Sorín LB 10 0 (0) 2002-2003
0%
463 Junior Tallo ST 3 0 (1) 2011-2012
0%
367 Leonardo Talamonti CB 12 1 (0) 2004-2005
0%
501 Lorenzo Cinque ST 1 0 (0) 2009-2010
0%
429 Louis Saha ST 6 0 (0) 2012-2013
0%
252 Loum Tchaouna RW 35 2 (1) 2024-2025
0%
529 Luan Capanni AM 1 0 (0) 2018-2019
0%
409 Luca Crecco LM 7 1 (0) 2012-2013, 2016-2018
0%
490 Luca Falbo LB 2 0 (0) 2019-2020
0%
256 Luca Marchegiani GK 33 0 (0) 2000-2003
0%
213 Lucas Castromán RM 48 5 (6) 2000-2003
0%
532 Luigi Cherubini LW 1 0 (0) 2023-2024
0%
303 Luigi Sartor RB 23 0 (1) 2002-2003, 2004-2005
0%
348 Luis Jiménez AM 16 2 (2) 2006-2007
0%
453 Luís Maximiano GK 4 0 (0) 2022-2023
0%
167 Luis Pedro Cavanda RB 67 1 (3) 2009-2015
0%
486 Mamadou Tounkara ST 2 0 (0) 2013-2014, 2016-2017
0%
239 Manuel Belleri RB 39 2 (1) 2005-2006, 2008-2009
0%
494 Marco Bertini DM 2 0 (0) 2020-2021, 2022-2023
0%
473 Marco D'Alessandro RW 3 0 (0) 2008-2009
0%
488 Marco Tumminello ST 2 0 (0) 2015-2016, 2017-2018
0%
370 Mario Hermoso CB 12 1 (0) 2024-2025
0%
353 Marius Stankevicius CB 15 0 (0) 2011-2013
0%
526 Massimiliano Marsili DM 1 0 (0) 2004-2005
0%
395 Massimo Bonanni LM 9 0 (1) 2005-2006
0%
413 Massimo Marazzina ST 7 0 (0) 2002-2003
0%
198 Massimo Mutarelli CM 54 4 (5) 2006-2008
0%
440 Mateo Musacchio CB 5 0 (0) 2020-2021
0%
434 Matías Lequi CB 6 0 (0) 2004-2005
0%
248 Matteo Sereni GK 36 0 (0) 2003-2006
0%
540 Matteo Zazza CB 1 0 (0) 2024-2025
0%
536 Mattia Mannini RB 1 0 (0) 2023-2024
0%
214 Maurício CB 48 0 (1) 2014-2015, 2017-2018
0%
531 Maurizio Lanzaro CB 1 0 (0) 2000-2001
0%
508 Michele Somma CB 1 0 (0) 2014-2015
0%
410 Mirko Antonucci AM 7 0 (1) 2017-2018, 2019-2020
0%
285 Mohamed Salim Fares LB 27 0 (1) 2020-2021
0%
499 Moritz Leitner CM 2 0 (0) 2016-2017
0%
525 Mory Bamba RW 1 0 (0) 2020-2021
0%
197 Mourad Meghni AM 55 1 (2) 2007-2010
0%
513 Moustapha Seck LB 1 0 (0) 2016-2017
0%
299 Nani LW 24 3 (3) 2017-2018
0%
454 Nicolò Armini CB 4 0 (0) 2018-2021
0%
399 Nikola Lazetic RM 9 1 (0) 2002-2003
0%
510 Olasunkanmi Akande Ajide ST 1 0 (0) 2003-2004
0%
379 Paolo Castellini LB 11 0 (0) 2010-2011
0%
504 Paolo Orlandoni GK 1 0 (0) 2000-2001
0%
457 Pedro Neto RW 4 0 (0) 2018-2019
0%
297 Pereirinha RW 25 0 (2) 2012-2015
0%
527 Pietro Boer GK 1 0 (0) 2020-2021
0%
446 Rafael Tolói CB 5 0 (0) 2013-2014
0%
407 Raffaele De Martino DM 7 0 (0) 2004-2005
0%
418 Ravel Morrison AM 6 0 (0) 2015-2016
0%
331 Ricardo Kishna LW 19 2 (3) 2015-2017
0%
392 Riccardo Bonetto LB 9 0 (0) 2006-2007
0%
515 Riccardo Marchizza LB 1 0 (0) 2016-2017
0%
415 Riccardo Pagano CM 7 0 (0) 2023-2024
0%
417 Riccardo Perpetuini CM 6 0 (0) 2008-2010
0%
153 Roberto Baronio DM 75 1 (3) 2000-2001, 2005-2007, 2009-2010
0%
406 Roberto Delgado CF 7 0 (1) 2003-2005
0%
210 Roberto Muzzi ST 49 8 (3) 2003-2006
0%
459 Roberto Sensini CB 4 0 (0) 2000-2001
0%
502 Rodrigo Defendi CB 1 0 (0) 2006-2007
0%
514 Samir Handanovič GK 1 0 (0) 2005-2006
0%
273 Santiago Gentiletti CB 29 1 (0) 2014-2016
0%
403 Saud Abdulhamid RB 8 1 (1) 2024-2025
0%
402 Silvio Proto GK 8 0 (0) 2018-2020
0%
298 Simone Del Nero LW 25 0 (0) 2007-2012
0%
464 Simone Palombi ST 3 0 (0) 2017-2018
0%
129 Siniša Mihajlović CB 87 8 (9) 2000-2004
0%
475 Stefano Pettinari ST 2 0 (0) 2009-2010
0%
205 Stephen Makinwa ST 52 3 (2) 2006-2010
0%
522 Szymon Czyz DM 1 0 (0) 2020-2021
0%
419 Thomas Hitzlsperger CM 6 1 (0) 2009-2010
0%
425 Tommaso Berni GK 6 0 (0) 2006-2007, 2009-2011
0%
368 Valerio Virga RB 12 0 (0) 2004-2005, 2006-2007, 2008-2009
0%
455 Victor Nelsson CB 4 0 (0) 2024-2025
0%
518 Zan Celar ST 1 0 (0) 2018-2019
0%
No matching quizzes found
Score Distribution
Percent of People with Each Score
Percentile by Number Answered
Your Score History
You have not taken this quiz